000 01221nam a22003497a 4500
003 CHAP
005 20220329133427.0
008 971013s1991 r 00010 d
010 _a6270
011 _a7242
035 _a6465
040 _cCHAP
090 _aTesis
100 0 0 _aRamírez González, Juan Ricardo.
_994030
245 _aUtilización de la metodología del Programa de Incremento a la Producción de Maíz (PIPMA) para definir áreas productivas en el mpio. de Silao, Gto.
260 _aChapingo, Méx. :
_bEl autor,
_c1991
300 _a83 h.
_e+ 2 planos
500 _a61-161
502 _aTesis (Ing. Agr. Esp. en Suelos) -- UACH. Departamento de Suelos
590 _aALEPH
_b10
_c20130110
_lUCH01
_h1217
590 _aBATCH-UPD
_b10
_c20130110
_lUCH01
_h0340
590 _aBATCH-UPD
_b10
_c20130110
_lUCH01
_h1812
590 _aBATCH-UPD
_b10
_c20130410
_lUCH01
_h0013
590 _aBATCH-UPD
_b10
_c20130914
_lUCH01
_h1116
590 _aCONVERSION
_b10
_c20130109
_lUCH01
_h1305
650 1 4 _aCultivos
_xZonas de
_xGuanajuato.
_930344
650 1 4 _aMaíz
_xGuanajuato.
_970969
650 1 4 _aMaíz
_xRendimiento.
_971051
901 _aBK
942 _cTESIS
949 _bBC
_cTES
_d-16066
_eTS1
_h25035
_i6465
_si
999 _c6270
_d6270